000 nam a22 7a 4500
999 _c9511
_d9511
008 180201b ||||| |||| 00| 0 eng d
100 _aRaman
_95697
245 _aMy window to computer learning -VI
260 _aNew Delhi
_bBrainwaves Information Publication
_c2008